| 000 | 00587nam a22001817a 4500 | ||
|---|---|---|---|
| 005 | 20220803131258.0 | ||
| 008 | 220802b ||||| |||| 00| 0 eng d | ||
| 040 | _cAL | ||
| 041 | _aEnglish | ||
| 082 |
_223 _a332.1 _bINDR |
||
| 100 |
_aIndian Banks Association _954608 |
||
| 245 | _aReport of the National Council of applied economic research New Delhi on Wage Structure in Indian Banking | ||
| 260 |
_aBombay _bIndian Banks Association _c1969 |
||
| 300 |
_a271 p. _bPB _c22x14 cm. |
||
| 650 |
_aIndian Banking _954384 |
||
| 700 |
_aINDIAN BANKS ASSOCIATION _954609 |
||
| 942 |
_2ddc _cGF |
||
| 999 |
_c224368 _d224368 |
||